| 000 | 00515ntaaa2200193 4500 | ||
|---|---|---|---|
| 003 | 01 | ||
| 005 | 20251027200609.0 | ||
| 008 | 0714s1973 ag 01 | ||
| 040 |
_aAR-BaBN _bspa _cAR-BaBN _eaacr _dRIC |
||
| 082 | _a942 M87 | ||
| 100 |
_aMowat, R. B _91763 |
||
| 245 |
_aHistoria de los pueblos de habla inglesa / _cR. B Mowat, P Slosson |
||
| 250 |
_a1 ed. : _bPeuser, _c1953 |
||
| 300 | _a675 p | ||
| 650 |
_aIngleses _91764 |
||
| 650 |
_aImperio Britanico-Historia _91765 |
||
| 700 |
_aSlosson, P _91766 |
||
| 942 | _cBK | ||
| 999 |
_c666 _d666 |
||